[Event "WEM Meisterturnier 2015"]
[Site "Stuttgart Botnang"]
[Date "2015.09.05"]
[Round "8.12"]
[White "Koch, Martin"]
[Black "Amos, Frank"]
[Result "0-1"]
[WhiteElo "2058"]
[BlackElo "2106"]
[PlyCount "68"]
[EventDate "2015.??.??"]
[EventCountry "GER"]
[SourceDate "2015.09.01"]
[WhiteTeam "SC Botnang"]
[BlackTeam "SK Lauffen"]

1. d4 g6 2. e4 Bg7 3. Nc3 d6 4. Nf3 Nc6 5. Be3 e5 6. dxe5 Nxe5 7. Be2 Nxf3+ 8.
gxf3 Ne7 9. Qd2 Be6 10. O-O-O a6 11. Bd4 Bxd4 12. Qxd4 O-O 13. h4 Nc6 14. Qe3
Qf6 15. f4 b5 16. h5 b4 17. Nd5 Bxd5 18. Rxd5 Ne7 19. Rdd1 a5 20. Bc4 a4 21.
Rdg1 d5 22. e5 Qf5 23. Bd3 Qe6 24. f5 Nxf5 25. Bxf5 Qxf5 26. Qh6 b3 27. Kd2
Qxf2+ 28. Kd3 c5 29. Rf1 c4+ 30. Kc3 Qxc2+ 31. Kd4 Qe4+ 32. Kc3 d4+ 33. Kb4
Rfb8+ 34. Ka3 Qb7 0-1

[Event "WEM Meisterturnier 2015"]
[Site "Stuttgart Botnang"]
[Date "2015.09.05"]
[Round "8.13"]
[White "Behrendt, Clemens"]
[Black "Höglauer, Patrick"]
[Result "1/2-1/2"]
[WhiteElo "2120"]
[BlackElo "2168"]
[PlyCount "145"]
[EventDate "2015.??.??"]
[EventCountry "GER"]
[SourceDate "2015.09.01"]
[WhiteTeam "SC Böblingen"]
[BlackTeam "SV Backnang"]

1. Nf3 d5 2. g3 c6 3. Bg2 Bg4 4. d4 Nd7 5. Nbd2 Ngf6 6. h3 Bh5 7. c4 e6 8. O-O
Bd6 9. b3 O-O 10. Bb2 Qc7 11. c5 Be7 12. b4 a5 13. a3 b6 14. Bc3 bxc5 15. bxc5
Bg6 16. Nh4 e5 17. Nxg6 hxg6 18. e3 Rfb8 19. Qa4 e4 20. Rfb1 Bd8 21. Rb3 Rxb3
22. Nxb3 Qc8 23. Rb1 Ra7 24. Bf1 Qa8 25. Nd2 g5 26. Be2 Bc7 27. Kg2 g6 28. Nf1
Kg7 29. Be1 Ng8 30. f3 exf3+ 31. Bxf3 Ne7 32. g4 f5 33. Bg3 Bxg3 34. Nxg3 Qc8
35. Qb3 Qf8 36. Qd3 Qf7 37. Bd1 f4 38. Nf1 Nf6 39. Bf3 Qe6 40. Rb2 Neg8 41. Re2
Qf7 42. Nd2 fxe3 43. Qxe3 Nh7 44. Qe5+ Qf6 45. Qxf6+ Kxf6 46. Re8 Kf7 47. Rb8
Nf8 48. Bd1 Nd7 49. Rb3 Ngf6 50. Bc2 Ne8 51. Rf3+ Ndf6 52. Ba4 Rc7 53. Rb3 Ng7
54. Nf3 Ne6 55. Ne5+ Kg7 56. Nxc6 Ne4 57. Nxa5 Nxd4 58. Rb7 Rxb7 59. Nxb7 Nc3
60. Bd7 Kf6 61. c6 Ke7 62. Nc5 Kd6 63. a4 Nxc6 64. Bxc6 Kxc6 65. Ne6 Nxa4 66.
Kf3 Kd6 67. Nxg5 Ke5 68. h4 Nc5 69. Nf7+ Kf6 70. Nd6 Ne6 71. Ke3 Ke5 72. Nf7+
Kf6 73. Nd6 1/2-1/2

[Event "WEM Meisterturnier 2015"]
[Site "Stuttgart Botnang"]
[Date "2015.09.05"]
[Round "8.14"]
[White "Meschke, Andreas"]
[Black "Müller, Nils Samuel"]
[Result "1/2-1/2"]
[WhiteElo "2098"]
[BlackElo "1815"]
[PlyCount "31"]
[EventDate "2015.??.??"]
[EventCountry "GER"]
[SourceDate "2015.09.01"]
[WhiteTeam "SV Marbach"]
[BlackTeam "SG KK Hohentübingen"]

1. e4 c5 2. Nf3 e6 3. Nc3 a6 4. d4 cxd4 5. Nxd4 Qc7 6. Bd3 Nf6 7. O-O Nc6 8.
Nde2 Bc5 9. Bf4 d6 10. Na4 Ba7 11. c4 Nh5 12. Be3 Bxe3 13. fxe3 Ne5 14. Nd4 Nf6
15. Rc1 Bd7 16. Nc3 1/2-1/2

[Event "WEM Meisterturnier 2015"]
[Site "Stuttgart Botnang"]
[Date "2015.09.05"]
[Round "8.15"]
[White "Fuß, Klaus"]
[Black "Schmidt, Olaf"]
[Result "0-1"]
[WhiteElo "2099"]
[BlackElo "2154"]
[PlyCount "108"]
[EventDate "2015.??.??"]
[EventCountry "GER"]
[SourceDate "2015.09.01"]
[WhiteTeam "SG Turm Albstadt"]
[BlackTeam "SF Pfullingen"]

1. g3 c5 2. Bg2 g6 3. f4 d5 4. d3 Nf6 5. Nf3 Bg7 6. O-O Nc6 7. Nc3 d4 8. Na4
Qd6 9. e4 dxe3 10. Bxe3 Nd7 11. Nc3 Nd4 12. Ne4 Qc7 13. c3 Nf5 14. Bf2 h5 15.
Qb3 Rb8 16. Nfg5 O-O 17. Nxf7 Rxf7 18. Ng5 c4 19. dxc4 Nc5 20. Qa3 b6 21. Bxc5
Qxc5+ 22. Qxc5 bxc5 23. Bd5 e6 24. Nxe6 Ne3 25. Nxg7 Nxd5 26. cxd5 Kxg7 27. b3
c4 28. bxc4 Ba6 29. Rfd1 Bxc4 30. Rd4 Rc8 31. a3 Bb3 32. Rc1 Rc4 33. Rd3 Rd7
34. Re1 a5 35. Re5 Bc2 36. Rde3 Bf5 37. Kf2 Kf6 38. d6 a4 39. Rd5 Rc6 40. Rd4
Ra6 41. Re5 Rdxd6 42. Ke3 Re6 43. Rdd5 Reb6 44. Rb5 Bd7 45. Rbd5 Ra7 46. Kd4
Be6 47. Rb5 Rc6 48. Rec5 Rd7+ 49. Ke3 Rcd6 50. Ra5 Bg4 51. Re5 Rd2 52. Ra6+ Kf7
53. f5 g5 54. Rxa4 Re2# 0-1

[Event "WEM Meisterturnier 2015"]
[Site "Stuttgart Botnang"]
[Date "2015.09.06"]
[Round "9.1"]
[White "Gheng, Josef"]
[Black "Reuß, Andreas"]
[Result "1-0"]
[WhiteElo "2376"]
[BlackElo "2324"]
[PlyCount "103"]
[EventDate "2015.??.??"]
[EventCountry "GER"]
[SourceDate "2015.09.01"]
[WhiteTeam "SC Erdmannhausen"]
[BlackTeam "Stuttgarter SF"]

1. e4 c6 2. d4 d5 3. Nc3 dxe4 4. Nxe4 Bf5 5. Ng3 Bg6 6. Nf3 Nf6 7. Be2 e6 8.
Ne5 Nbd7 9. Nxg6 hxg6 10. Qd3 Bb4+ 11. Bd2 Bxd2+ 12. Qxd2 Qb6 13. O-O-O O-O-O
14. Nf1 Qc7 15. g3 e5 16. dxe5 Qxe5 17. Ne3 Nb6 18. Bd3 Qe6 19. Kb1 Ne4 20. Qe2
Rhe8 21. Qf3 Nc5 22. Rhe1 Nxd3 23. cxd3 f6 24. h4 Qd7 25. Kc2 Qf7 26. a3 Qd7
27. Qg4 Qxg4 28. Nxg4 Nd5 29. Rxe8 Rxe8 30. Kd2 Kd7 31. Ne3 Nc7 32. Ng2 Nd5 33.
Ne3 Nc7 34. Rc1 Ne6 35. Rc4 g5 36. hxg5 Nxg5 37. Rg4 Ke6 38. Ra4 Ra8 39. f4 Nh7
40. Re4+ Kf7 41. Nf5 g6 42. Re7+ Kg8 43. Nh6+ Kh8 44. Rxb7 a5 45. b3 f5 46.
Nf7+ Kg8 47. Ne5 Nf6 48. Nxg6 Nd5 49. Ne7+ Nxe7 50. Rxe7 Rb8 51. Kc3 Rb5 52.
Re5 1-0

[Event "WEM Meisterturnier 2015"]
[Site "Stuttgart Botnang"]
[Date "2015.09.06"]
[Round "9.2"]
[White "Kabisch, Thilo"]
[Black "Reck, Moritz"]
[Result "1/2-1/2"]
[WhiteElo "2286"]
[BlackElo "2157"]
[PlyCount "28"]
[EventDate "2015.??.??"]
[EventCountry "GER"]
[SourceDate "2015.09.01"]
[WhiteTeam "SK Schmiden/Cannstatt"]
[BlackTeam "TSV Schönaich"]

1. e4 c6 2. d4 d5 3. Nc3 dxe4 4. Nxe4 Bf5 5. Ng3 Bg6 6. h4 h6 7. Nf3 Nd7 8. h5
Bh7 9. Bd3 Bxd3 10. Qxd3 e6 11. Bf4 Qa5+ 12. Bd2 Qc7 13. O-O-O Ngf6 14. Qe2
O-O-O 1/2-1/2

[Event "WEM Meisterturnier 2015"]
[Site "Stuttgart Botnang"]
[Date "2015.09.06"]
[Round "9.3"]
[White "Namyslo, Holger"]
[Black "Hirneise, Jens"]
[Result "1/2-1/2"]
[WhiteElo "2227"]
[BlackElo "2254"]
[PlyCount "22"]
[EventDate "2015.??.??"]
[EventCountry "GER"]
[SourceDate "2015.09.01"]
[WhiteTeam "TG Biberach"]
[BlackTeam "SF Deizisau"]

1. e4 d6 2. d4 Nf6 3. Nc3 e5 4. dxe5 dxe5 5. Qxd8+ Kxd8 6. Nf3 Bd6 7. Bc4 Ke8
8. h3 a6 9. a4 Nbd7 10. Be3 b6 11. O-O-O Bb7 1/2-1/2

[Event "WEM Meisterturnier 2015"]
[Site "Stuttgart Botnang"]
[Date "2015.09.06"]
[Round "9.4"]
[White "Sokratov, Stanislav"]
[Black "Fischer, Sebastian"]
[Result "1/2-1/2"]
[WhiteElo "2192"]
[BlackElo "2222"]
[PlyCount "42"]
[EventDate "2015.??.??"]
[EventCountry "GER"]
[SourceDate "2015.09.01"]
[WhiteTeam "SC Erdmannhausen"]
[BlackTeam "TSV Schönaich"]

1. d4 f5 2. Nf3 Nf6 3. g3 e6 4. Bg2 d5 5. O-O Bd6 6. c4 c6 7. b3 Qe7 8. Bb2 O-O
9. Nc3 Ne4 10. e3 Nd7 11. Ne2 b6 12. Nf4 Bb7 13. Nd3 c5 14. Nfe5 Rad8 15. Qe2
Bxe5 16. dxe5 dxc4 17. bxc4 Nb8 18. Rfd1 Ng5 19. f3 Nc6 20. f4 Nf7 21. Nf2
Rxd1+ 1/2-1/2

[Event "WEM Meisterturnier 2015"]
[Site "Stuttgart Botnang"]
[Date "2015.09.06"]
[Round "9.5"]
[White "Schmidt, Tobias"]
[Black "Reimche, Vadim"]
[Result "1-0"]
[WhiteElo "2121"]
[BlackElo "2005"]
[PlyCount "103"]
[EventDate "2015.??.??"]
[EventCountry "GER"]
[SourceDate "2015.09.01"]
[WhiteTeam "SC Erdmannhausen"]
[BlackTeam "SF Ravensburg"]

1. e4 c5 2. Nf3 Nc6 3. d4 cxd4 4. Nxd4 Nf6 5. Nc3 e5 6. Ndb5 d6 7. Bg5 a6 8.
Na3 b5 9. Nd5 Be7 10. Bxf6 Bxf6 11. c3 O-O 12. Nc2 Rb8 13. Nce3 Bg5 14. Bd3
Bxe3 15. Nxe3 Be6 16. O-O g6 17. a4 Ne7 18. axb5 axb5 19. Ra6 d5 20. exd5 Nxd5
21. Nxd5 Qxd5 22. Bc2 Qb7 23. Rd6 b4 24. Re1 bxc3 25. bxc3 Qc7 26. Rxe5 Qxc3
27. Re3 Qc5 28. h3 Rb2 29. Be4 Qa5 30. Re2 Rxe2 31. Qxe2 Re8 32. Bf3 Bd7 33.
Qd2 Re1+ 34. Kh2 Qe5+ 35. g3 Be6 36. Rd8+ Kg7 37. Qb4 Kh6 38. Rg8 Kg5 39. Qh4+
Kf5 40. Qg4+ Kf6 41. Qh4+ Qg5 42. Qd4+ Qe5 43. Qd8+ Kf5 44. Bg4+ Ke4 45. Qd2
Qa1 46. Qf4+ Kd3 47. Rd8+ Kc3 48. Qd4+ Kb3 49. Bxe6+ fxe6 50. Rb8+ Kc2 51. Rc8+
Kb1 52. Qb4+ 1-0

[Event "WEM Meisterturnier 2015"]
[Site "Stuttgart Botnang"]
[Date "2015.09.06"]
[Round "9.6"]
[White "Geshnizjani, Ramin Tobias"]
[Black "Latzke, Boris Alexander"]
[Result "1/2-1/2"]
[WhiteElo "2081"]
[BlackElo "2257"]
[PlyCount "79"]
[EventDate "2015.??.??"]
[EventCountry "GER"]
[SourceDate "2015.09.01"]
[WhiteTeam "Heilbronner SV"]
[BlackTeam "SK Bebenhausen"]

1. e4 e5 2. Nf3 Nc6 3. d4 exd4 4. Nxd4 Bb4+ 5. c3 Bc5 6. Nxc6 bxc6 7. Bd3 Qh4
8. Qe2 Nf6 9. h3 O-O 10. g3 Qh5 11. Qxh5 Nxh5 12. g4 Nf6 13. Bg5 Nxe4 14. Bxe4
Re8 15. Nd2 d5 16. Be3 Bxe3 17. fxe3 dxe4 18. Rf1 g6 19. O-O-O f5 20. gxf5 Bxf5
21. h4 Rad8 22. Nb3 Rd3 23. Rxd3 exd3 24. Nd4 Be4 25. b4 Rf8 26. Rxf8+ Kxf8 27.
Ne6+ Ke7 28. Ng5 Bd5 29. Nxh7 Ke6 30. Kd2 Bxa2 31. Kxd3 Kf5 32. Kd4 Bg8 33. Nf8
Bf7 34. Kc5 Be8 35. e4+ Kxe4 36. Nxg6 Bxg6 37. Kxc6 Kd3 38. Kxc7 Kxc3 39. Kb7
Kxb4 40. Kxa7 1/2-1/2

[Event "WEM Meisterturnier 2015"]
[Site "Stuttgart Botnang"]
[Date "2015.09.06"]
[Round "9.7"]
[White "Smolny, Frieder"]
[Black "Grill, Bernd"]
[Result "1/2-1/2"]
[WhiteElo "2156"]
[BlackElo "2220"]
[PlyCount "52"]
[EventDate "2015.??.??"]
[EventCountry "GER"]
[SourceDate "2015.09.01"]
[WhiteTeam "SC Weiße Dame Ulm"]
[BlackTeam "SV Ebersbach"]

1. d4 Nf6 2. c4 e6 3. g3 d5 4. Nf3 dxc4 5. Qa4+ Bd7 6. Qxc4 Bc6 7. Bg2 Bd5 8.
Qa4+ Qd7 9. Qxd7+ Nbxd7 10. Nc3 Bb4 11. Bd2 Bxc3 12. Bxc3 Ne4 13. Bb4 a5 14.
Bd2 c5 15. dxc5 Nxd2 16. Kxd2 Nxc5 17. Rhc1 b6 18. Ne1 Ke7 19. Bxd5 Rhd8 20.
Ke3 Rxd5 21. Rd1 Rad8 22. Rxd5 Rxd5 23. Rc1 Kd6 24. Rc3 Re5+ 25. Kf3 Rf5+ 26.
Ke3 Re5+ 1/2-1/2

[Event "WEM Meisterturnier 2015"]
[Site "Stuttgart Botnang"]
[Date "2015.09.06"]
[Round "9.8"]
[White "Gabriel, Robert"]
[Black "Maj, Kornel"]
[Result "1/2-1/2"]
[WhiteElo "2184"]
[BlackElo "2051"]
[PlyCount "29"]
[EventDate "2015.??.??"]
[EventCountry "GER"]
[SourceDate "2015.09.01"]
[WhiteTeam "Stuttgarter SF"]
[BlackTeam "Stuttgarter SF"]

1. d4 Nf6 2. Nf3 g6 3. c4 Bg7 4. Nc3 O-O 5. e4 d6 6. Be2 e5 7. dxe5 dxe5 8.
Qxd8 Rxd8 9. Bg5 Re8 10. Nd5 Nxd5 11. cxd5 c6 12. Bc4 cxd5 13. Bxd5 Nd7 14. Nd2
Nc5 15. O-O 1/2-1/2

[Event "WEM Meisterturnier 2015"]
[Site "Stuttgart Botnang"]
[Date "2015.09.06"]
[Round "9.9"]
[White "Amos, Frank"]
[Black "Kunz, Walter"]
[Result "1-0"]
[WhiteElo "2106"]
[BlackElo "2167"]
[PlyCount "51"]
[EventDate "2015.??.??"]
[EventCountry "GER"]
[SourceDate "2015.09.01"]
[WhiteTeam "SK Lauffen"]
[BlackTeam "SC Botnang"]

1. e4 c5 2. Nf3 Nc6 3. d4 cxd4 4. Nxd4 Nf6 5. Nc3 e6 6. Ndb5 Bb4 7. a3 Bxc3+ 8.
Nxc3 d5 9. exd5 exd5 10. Bd3 O-O 11. O-O d4 12. Ne2 Bg4 13. f3 Bh5 14. Nf4 Bg6
15. Nxg6 hxg6 16. f4 Qd5 17. f5 Ne5 18. Bg5 Rac8 19. Bxf6 gxf6 20. Qd2 Kg7 21.
fxg6 fxg6 22. Rf4 Qc5 23. Raf1 Rcd8 24. Rh4 Rh8 25. Qf2 Rxh4 26. Qxf6+ 1-0

[Event "WEM Meisterturnier 2015"]
[Site "Stuttgart Botnang"]
[Date "2015.09.06"]
[Round "9.10"]
[White "Bader, Gerd"]
[Black "Gustain, Marc"]
[Result "1-0"]
[WhiteElo "2040"]
[BlackElo "2156"]
[PlyCount "35"]
[EventDate "2015.??.??"]
[EventCountry "GER"]
[SourceDate "2015.09.01"]
[WhiteTeam "SG Schwäbisch Gmünd"]
[BlackTeam "SF Deizisau"]

1. e4 c5 2. Nc3 a6 3. g3 b5 4. Bg2 Bb7 5. d3 e6 6. Nge2 Nf6 7. O-O Nc6 8. h3 b4
9. Na4 d5 10. exd5 Nxd5 11. c4 bxc3 12. bxc3 Be7 13. Rb1 Rb8 14. c4 Nf6 15.
Rxb7 Rxb7 16. Bxc6+ Rd7 17. d4 cxd4 18. Qxd4 1-0

[Event "WEM Meisterturnier 2015"]
[Site "Stuttgart Botnang"]
[Date "2015.09.06"]
[Round "9.12"]
[White "Schaffert, Walter"]
[Black "Meschke, Andreas"]
[Result "1/2-1/2"]
[WhiteElo "2091"]
[BlackElo "2098"]
[PlyCount "33"]
[EventDate "2015.??.??"]
[EventCountry "GER"]
[SourceDate "2015.09.01"]
[WhiteTeam "SG Ludwigsburg"]
[BlackTeam "SV Marbach"]

1. e4 e5 2. Nf3 Nc6 3. Bc4 Bc5 4. c3 Nf6 5. d3 d6 6. Bb3 Bb6 7. Nbd2 O-O 8. O-O
Be6 9. Re1 Qe8 10. h3 Nd7 11. Nc4 f6 12. d4 Bf7 13. Nh4 Kh8 14. Nxb6 axb6 15.
Bxf7 Qxf7 16. b3 Ne7 17. Be3 1/2-1/2

[Event "WEM Meisterturnier 2015"]
[Site "Stuttgart Botnang"]
[Date "2015.09.06"]
[Round "9.13"]
[White "Schmidt, Olaf"]
[Black "Koch, Martin"]
[Result "1/2-1/2"]
[WhiteElo "2154"]
[BlackElo "2058"]
[PlyCount "35"]
[EventDate "2015.??.??"]
[EventCountry "GER"]
[SourceDate "2015.09.01"]
[WhiteTeam "SF Pfullingen"]
[BlackTeam "SC Botnang"]

1. d4 Nf6 2. Nf3 g6 3. g3 Bg7 4. Bg2 d6 5. O-O O-O 6. a4 Na6 7. Re1 c5 8. d5 e5
9. dxe6 fxe6 10. e4 e5 11. c3 h6 12. Qd3 Be6 13. Nfd2 Qd7 14. f3 Nc7 15. Na3
Rab8 16. b3 Nfe8 17. Ra2 b6 18. Nac4 1/2-1/2

[Event "WEM Meisterturnier 2015"]
[Site "Stuttgart Botnang"]
[Date "2015.09.06"]
[Round "9.14"]
[White "Höglauer, Patrick"]
[Black "Fuß, Klaus"]
[Result "1-0"]
[WhiteElo "2168"]
[BlackElo "2099"]
[PlyCount "55"]
[EventDate "2015.??.??"]
[EventCountry "GER"]
[SourceDate "2015.09.01"]
[WhiteTeam "SV Backnang"]
[BlackTeam "SG Turm Albstadt"]

1. d4 Nf6 2. c4 e6 3. Nf3 Bb4+ 4. Nbd2 b6 5. a3 Bxd2+ 6. Qxd2 Ne4 7. Qc2 Bb7 8.
e3 O-O 9. Be2 f5 10. b4 d6 11. Bb2 Nd7 12. Rd1 Qe7 13. d5 e5 14. Nd2 Nxd2 15.
Rxd2 Qg5 16. O-O Kh8 17. f4 Qh6 18. Rf3 Rae8 19. Rh3 Qf6 20. g4 Kg8 21. Bd3 g6
22. gxf5 gxf5 23. Rg2+ Kh8 24. Kf1 b5 25. Rg5 bxc4 26. Bxf5 Rf7 27. Rgh5 Kg8
28. Bxh7+ 1-0

[Event "WEM Meisterturnier 2015"]
[Site "Stuttgart Botnang"]
[Date "2015.09.06"]
[Round "9.15"]
[White "Müller, Nils Samuel"]
[Black "Gabriel, Josef"]
[Result "1/2-1/2"]
[WhiteElo "1815"]
[BlackElo "2094"]
[PlyCount "22"]
[EventDate "2015.??.??"]
[EventCountry "GER"]
[SourceDate "2015.09.01"]
[WhiteTeam "SG KK Hohentübingen"]
[BlackTeam "Stuttgarter SF"]

1. e4 g6 2. d4 Bg7 3. Nc3 d6 4. f4 a6 5. Nf3 b5 6. a3 Bb7 7. Bd3 Nd7 8. Be3 c5
9. O-O cxd4 10. Nxd4 Ngf6 11. Kh1 O-O 1/2-1/2

[Event "WEM Meisterturnier 2015"]
[Site "Stuttgart Botnang"]
[Date "2015.08.31"]
[Round "3.7"]
[White "Schmidt, Tobias"]
[Black "Kunz, Walter"]
[Result "1-0"]
[WhiteElo "2121"]
[BlackElo "2167"]
[PlyCount "89"]
[EventDate "2015.??.??"]
[EventCountry "GER"]
[SourceDate "2015.09.01"]

1. e4 c5 2. Nf3 Nc6 3. c3 Nf6 4. e5 Nd5 5. d4 cxd4 6. cxd4 d6 7. Bc4 Nb6 8. Bb5
dxe5 9. Nxe5 Bd7 10. Nxd7 Qxd7 11. Nc3 e6 12. O-O Be7 13. Qg4 Kf8 14. Rd1 Rd8
15. Be3 h5 16. Qf3 g6 17. d5 Nxd5 18. Bxa7 Kg7 19. Bb6 Rc8 20. Nxd5 exd5 21.
Rxd5 Qe6 22. Rad1 Bf6 23. Rd6 Ne5 24. Qe4 Qe7 25. Rxf6 Kxf6 26. Bd4 Rc5 27.
Bxc5 Qxc5 28. Qxb7 Rc8 29. h3 Rc7 30. Qb8 Rc8 31. Qd6+ Qxd6 32. Rxd6+ Kf5 33.
Rd2 Rc1+ 34. Kh2 g5 35. Bd7+ Kg6 36. a4 Ra1 37. Bb5 h4 38. Rd4 Ra2 39. Rb4 f5
40. Be2 Kf6 41. Rb6+ Ke7 42. Rb5 Kd6 43. a5 Ke6 44. a6 Kd6 45. Rb6+ 1-0